| 000 | 00727nam a2200253 i 4500 | ||
|---|---|---|---|
| 001 | 6803 | ||
| 003 | ES-MaACL | ||
| 005 | 20231213062933.0 | ||
| 007 | t| | ||
| 008 | 900531s1989 sp ||||1| spa d | ||
| 020 | _a84-206-2594-9 | ||
| 080 | _a902 | ||
| 100 | 1 |
_aMarías, Julián, _d1914-2005 _976688 |
|
| 245 | 1 | 0 |
_aGeneraciones y constelaciones / _cJulian Marias. |
| 260 |
_aMadrid : _bAlianza, _c1989. |
||
| 300 |
_a283 p. ; _c20 cm. |
||
| 490 | 1 |
_aAlianza universidad ; _v594 |
|
| 500 | _aBibliografia. | ||
| 650 | 1 | 4 |
_aGeneraciones. _913053 |
| 650 | 4 |
_aHistoria- _xFilosofía. _913380 |
|
| 830 | 0 |
_aAlianza universidad ; _v594 _9177276 |
|
| 852 |
_aES-MaACL _jL-14084 _bR.117962 _z. - rust. |
||
| 999 |
_c6803 _d6803 |
||